|
|
|
|
| LEADER |
00000nam2a2200000 4500 |
| 001 |
315297 |
| 005 |
20231102002750.0 |
| 035 |
|
|
|a (RuTPU)RU\TPU\book\340730
|
| 090 |
|
|
|a 315297
|
| 100 |
|
|
|a 20160229d k y0rusy50 ca
|
| 101 |
1 |
|
|a rus
|c eng
|
| 102 |
|
|
|a RU
|
| 105 |
|
|
|a a z 001zy
|
| 200 |
0 |
|
|a [Т. 1]: Основания социологии. Ч. 1: Данные социологии. Ч. 2: Индукция социологии
|
| 210 |
|
|
|d 1898
|
| 215 |
|
|
|a IV, 432 с.
|
| 225 |
1 |
|
|a Товарищество И. Д. Сытина. Отдел Н. А. Рубакина
|
| 300 |
|
|
|a Текст в русской дореформенной орфографии
|
| 317 |
|
|
|5 63413507: М- 132088
|a Поступила в НТБ в 1970 г. в составе книжного собрания профессора ТПИ И. Н. Бутакова
|
| 320 |
|
|
|a Приложения в конце тома
|
| 461 |
|
1 |
|0 (RuTPU)RU\TPU\book\340724
|t Сочинения Герберта Спенсера
|o полные переводы, исправленные по последним английским изданиям
|f Г. Спенсер
|v [Т. 1]: Основания социологии. Ч. 1: Данные социологии. Ч. 2: Индукция социологии
|d [1897-1899]
|
| 606 |
1 |
|
|a Социология
|x История
|2 stltpush
|3 (RuTPU)RU\TPU\subj\68529
|9 83774
|
| 610 |
1 |
|
|a социология
|
| 610 |
1 |
|
|a индукция социологии
|
| 610 |
1 |
|
|a социология общества
|
| 610 |
1 |
|
|a социальная эволюция
|
| 610 |
1 |
|
|a натуралистическая социология
|
| 610 |
1 |
|
|a эволюционизм
|
| 610 |
1 |
|
|a органицизм
|
| 610 |
1 |
|
|a владельческая надпись
|
| 610 |
1 |
|
|a владельческие знаки
|
| 610 |
1 |
|
|a библиотека И. Н. Бутакова
|
| 686 |
|
|
|a С51(0)
|2 rubbk
|
| 801 |
|
1 |
|a RU
|b 63413507
|c 20160229
|
| 801 |
|
2 |
|a RU
|b 63413507
|c 20190722
|g RCR
|
| 942 |
|
|
|c BK
|